| 000 | 00876nam a2200229 a 4500 | ||
|---|---|---|---|
| 001 | 39431 | ||
| 003 | BD-RjUL | ||
| 005 | 20211209053005.0 | ||
| 008 | 160410s2014 bg a|||| |||| 00| 0 ben d | ||
| 020 |
_a9847018201903 _c: TK. 250.00 |
||
| 035 | _a(BD-RjUL)39544 | ||
| 040 |
_aBD-RjUL _bben _cBD-RjUL |
||
| 041 | _aben | ||
| 082 |
_223 _a781.6213003 _bHOS 2014 |
||
| 100 |
_aহোসেন, মোঃ জাহাঙ্গীর _9121551 |
||
| 245 |
_aদক্ষিণবঙ্গের ঐতিহ্যবাহী লোকনাট্য : _bগাজীরগান / _c মোঃ জাহাঙ্গীর হোসেন |
||
| 260 |
_aঢাকা : _bসমাচার, _c২০১৪ |
||
| 300 |
_a১৮১ পৃ. : _bচিত্র ; _c২২ সেমি. |
||
| 650 |
_aFolk Song _9121552 |
||
| 650 |
_aলোকসংগীত _9120880 |
||
| 942 |
_2ddc _cBK |
||
| 999 |
_c39431 _d39431 |
||